Modificirovanije i legirovanije poverchnosti lazernymi ionnymi i elektronnymi pučkami /

Salvato in:
Dettagli Bibliografici
Natura: Libro
Lingua:russo
Pubblicazione: Moskva : Mašinostrojenije, 1987
Soggetti:
Tags: Aggiungi Tag
Nessun Tag, puoi essere il primo ad aggiungerne!!

MARC

LEADER 00000nam a22000003a 4500
001 stu39510
005 20141122044438.3
008 930212s1987----xxr-----------------rus-d
040 |a STU  |b slo 
041 0 |a rus 
044 |a xxr 
080 |a 621.795 
080 |a 621.375.826  |7 stu_us_auth*stu9916 
245 |a Modificirovanije i legirovanije poverchnosti lazernymi ionnymi i elektronnymi pučkami /  |c Z angl. kol 
260 |a Moskva :  |b Mašinostrojenije,  |c 1987 
300 |a 423 s 
650 7 |a úpravy povrchové  |2 stusub 
650 7 |a lasery  |2 stusub 
996 |b 284M003538  |c M*4246-1  |l MMKN  |s A  |a 24  |w stu39510_0001